Estadísticas para DT de la Seleccion Argentina

Haz click aquí para intentar la prueba.

Estadísticas generales

  • Esta prueba ha sido intentada 94 veces
  • La puntuación promedio es 11 de 17

Estadísticas de respuestas

PeriodoNombres% Correcto
2018-Act.Lionel Scaloni
96%
2008-2010Diego Maradona
95%
2017-2018Jorge Sampaoli
88%
2011-2014Alejandro Sabella
85%
1983-1990Carlos Salvador Bilardo
84%
1974-1982Cesar Luis Menotti
84%
1999-2004Marcelo Bielsa
80%
2016-2017Edgardo Bauza
77%
2014-2016Gerardo Martino
77%
2004-2006Jose Pekerman
76%
2006-2008Alfio Basile
69%
1990-1994Alfio Basile
69%
1994-1998Daniel Passarella
64%
2010-2011Sergio Batista
56%
1972-1973Omar Sivori
13%
1970-1972Juan Jose Pizzuti
12%
1974Vladislao Cap
11%

Distribución de puntuación

Porcentaje por número respondido

Porcentaje de gente con cada puntuación

Historial de tus puntuaciones

No has intentado esta prueba.